Argentinian Football Players - Statistics

General Stats
  • This quiz has been taken 101 times
    61 since last reset
  • The average score is 12 of 20
Answer Stats
Clue Player % Correct
Five-time FIFA Player of the Year Lionel Messi
100%
Scored with the "Hand of God" Diego Maradona
98%
Former son-in-law of the above; nicknamed « Kun » Sergio Agüero
96%
ManUtd paid £60 millions for him (2015) Ángel Di María
83%
Long-time Inter Milan captain Javier Zanetti
83%
1950s Real Madrid legend Alfredo Di Stéfano
79%
Former Atlético Madrid player and coach Diego Simeone
74%
Juventus paid £80 millions for him (2016) Gonzalo Higuaín
74%
Boca Juniors and Villarreal playmaker Juan Roman Riquelme
72%
2nd-highest national team scorer Gabriel Batistuta
68%
1978 World Cup top-scorer Mario Kempes
68%
World's most expensive striker in 2000 Hernán Crespo
64%
Most international caps Javier Mascherano
62%
1978 World Cup-winning captain Daniel Passarella
51%
Goalkeeper who made his international debut aged 36, in 2018 Willy Caballero
43%
Missed 3 penalties in a Copa America game Martín Palermo
42%
1990 World Cup first-choice goalkeeper Sergio Goycochea
32%
Juventus forward who won the Ballon d'Or in 1962 Omar Sívori
30%
Captained Argentina 63 times Roberto Ayala
19%
Won the 1934 World Cup with Italy Luis Monti
11%
No matching quizzes found
Score Distribution
Percent of People with Each Score
Percentile by Number Answered
Your Score History
You have not taken this quiz since the last reset